000
00344nam a2200145Ia 4500
008
231217s9999 xx 000 0 und d
041
_a
English
082
_a
158.1 CHI;1 R
100
_a
Chirban, John T
245
0
_a
True coming of age
260
_c
2004
_b
TMH
_a
New Delhi
300
_a
xx+269
650
_a
True,coming,age
942
_c
AA
999
_c
175143
_d
175143